Vista normal Vista MARC

Entrada Topical Term

Número de registros utilizados en: 1

001 - CONTROL NUMBER

  • control field: 67046

003 - CONTROL NUMBER IDENTIFIER

  • control field: OSt

005 - DATE AND TIME OF LATEST TRANSACTION

  • control field: 20251111193348.0

008 - FIXED-LENGTH DATA ELEMENTS

  • fixed length control field: 251111|| aca||aabn | a|a d

040 ## - CATALOGING SOURCE

  • Original cataloging agency: OSt
  • Transcribing agency: OSt

150 ## - HEADING--TOPICAL TERM

  • Topical term or geographic name entry element: Hortalizas
  • General subdivision: Cultivo y medios de cultivo

670 ## - SOURCE DATA FOUND

  • Source citation: Work cat.: (OSt)59885: Paredes Zambrano, Guillermo Alfredo aut 67045, Cómo cultivar sus hortalizas y hierbas aromáticas en casa :









Instituto Departamental de Cultura del Meta - Red Departamental de Bibliotecas Públicas del Meta.